000 00507nam a2200157Ia 4500
008 090711s9999 xx 000 0 und d
082 _b46580
100 _aपंडीत बाबाजी महाराज
245 _aअभंगगाथा
260 _c1970
600 _aपंडीत बाबाजी महाराज
630 _aअभंगगाथा
700 _aपंडीत बाबाजी महाराज
730 _aअभंगगाथा
942 _cBOOK
999 _c281497
_d281497